| 000 | 00633nam a22002177b 4500 | ||
|---|---|---|---|
| 001 | bimo0002025756 | ||
| 003 | CO-ViMGA | ||
| 005 | 20230915233130.0 | ||
| 008 | 050525s2004 sp | ||| ||spa | ||
| 020 | _a8478648429 | ||
| 040 |
_aCO-ViMGA _bspa _cCO-ViMGA |
||
| 090 | _aC RIUd | ||
| 100 | 1 |
_aRius, Roser _d1947- _93310 |
|
| 240 | 1 | 0 |
_aNo vull anar a dormir! _lEspañol |
| 245 | 1 | 1 |
_aNo quiero dormir! _h[Texto impreso] _cRoser Rius |
| 260 |
_aBarcelona _bCombel _c2004 |
||
| 300 |
_a[16] p. _bprincipalmente il. col. _c20 cm |
||
| 490 | 1 | _aColección Cucú | |
| 650 | 1 | 4 |
_aCuentos infantiles españoles _91012 |
| 942 |
_2ddc _cBK |
||
| 999 |
_c35465 _d35465 |
||